00000000cas 2200000zi 4500
0019.809540
003CaOODSP
00520260612164833
006m     o  d f      
007cr cn ||||||||
008150406c20059999onc x p o    f0   a0eng|d
022 |a3111-2250
040 |aCaOODSP|beng|erda|cCaOODSP
041 |aeng|afre
043 |an-cn---
0861 |aT34-26-PDF
0861 |aT34-26E-PDF
24500|aMarine security operations bulletins = |bBulletins opérationnels de sûreté maritime.
24631|aBulletins opérationnels de sûreté maritime
2461 |iIssues for 2008/003- have title: |aMarine security operations bulletin
264 1|a[Ottawa] : |bTransport Canada = Transports Canada, |c[2005]-
310 |aIrregular
336 |atext|btxt|2rdacontent
337 |acomputer|bc|2rdamedia
338 |aonline resource|bcr|2rdacarrier
3621 |aBegan with: No. 2005/001.
546 |aText in English and French in parallel columns, 2005-2015; text in English only, 2016-
588 |aDescription based on: No. 2005/001.
588 |aLatest issue consulted: No. 2026/001.
650 0|aNavigation|zCanada|xSafety measures|vPeriodicals.
655 7|aPeriodicals|2lcgft
7101 |aCanada. |bTransport Canada, |eissuing body.
77508|tBulletin opérationnel de sûreté maritime |w(CaOODSP)9.890287
788 |tMarine Security operations bulletins |efre|w(CaOODSP)9.809548